[Event "Qingdao SCO Teams 5th"]
[Site "Qingdao"]
[Date "2023.12.18"]
[Round "6.11"]
[White "Zhakshylykov, Erzhan"]
[Black "Mosadeghpour, Masoud"]
[Result "1/2-1/2"]
[WhiteElo "2239"]
[BlackElo "2473"]
[PlyCount "118"]
[EventDate "2023.12.17"]
[EventType "team-tourn (rapid)"]
[EventRounds "9"]
[EventCountry "CHN"]
[SourceTitle "CB52_2023"]
[SourceDate "2023.12.27"]
[SourceVersion "1"]
[SourceVersionDate "2023.12.27"]
[SourceQuality "1"]
[WhiteTeam "Kyrgyzstan"]
[BlackTeam "Iran"]
[WhiteTeamCountry "KGZ"]
[BlackTeamCountry "IRI"]

1. d4 Nf6 2. c4 g6 3. Nf3 Bg7 4. g3 0-0 5. Bg2 d5 6. cxd5 Nxd5 7. 0-0 Nc6 8. Nc3 e5 9. Bg5 Nxc3 10. bxc3 Qd6 11. Rb1 exd4 12. Bf4 Qe7 13. cxd4 a5 14. d5 Rd8 15. Qb3 a4 16. Qc4 Na5 17. Qxc7 Qxc7 18. Bxc7 Rxd5 19. Rfd1 Rxd1+ 20. Rxd1 Be6 21. a3 Nc6 22. Ng5 Bb3 23. Rd7 Re8 24. Bd6 Na5 25. Ne4 Nc4 26. Bb4 b6 27. Be7 Ne5 28. Rc7 Ng4 29. h3 Ne5 30. Nf6+ Bxf6 31. Bxf6 Nc4 32. Bc6 Rb8 33. Bxa4 Bxa4 34. Rxc4 Bb5 35. Rc2 Kf8 36. f4 Ke8 37. Rc7 Bd7 38. g4 b5 39. Rc3 Rb6 40. Bd4 Rd6 41. e3 h5 42. Rc5 hxg4 43. hxg4 Ra6 44. Bb2 Ra4 45. g5 Rc4 46. Rxc4 bxc4 47. Kf2 Ke7 48. e4 Kd6 49. Bd4 Kc6 50. Ke3 Kb5 51. Bc3 Ka4 52. Kd4 Kb3 53. Bb4 Be6 54. Ke5 c3 55. Bxc3 Kxc3 56. f5 gxf5 57. exf5 Bc4 58. g6 fxg6 59. fxg6 Kb3 1/2-1/2

[Event "Wch U16"]
[Site "Montesilvano"]
[Date "2023.11.14"]
[Round "2"]
[White "Klimkowski, Jan"]
[Black "Zhakshylykov, Erzhan"]
[Result "1-0"]
[WhiteElo "2520"]
[BlackElo "2232"]
[PlyCount "118"]
[EventDate "2023.11.13"]
[EventType "swiss"]
[EventRounds "11"]
[EventCountry "ITA"]
[SourceTitle "CB48_2023"]
[SourceDate "2023.11.29"]
[SourceVersion "1"]
[SourceVersionDate "2023.11.29"]
[SourceQuality "1"]

1. c4 Nf6 2. Nc3 e6 3. e4 c5 4. e5 Ng8 5. Nf3 Nc6 6. d4 cxd4 7. Nxd4 Nxe5 8. Ndb5 a6 9. Nd6+ Bxd6 10. Qxd6 f6 11. Bf4 Nf7 12. Qa3 Ne7 13. 0-0-0 0-0 14. c5 Nc6 15. Na4 b5 16. cxb6 e5 17. Be3 d5 18. Bc5 Re8 19. Bc4 Be6 20. b7 Rb8 21. Bb6 Qe7 22. Bxa6 Rxb7 23. Bc5 Qc7 24. Bxb7 Qxb7 25. Nb6 d4 26. f3 Nb8 27. b4 Na6 28. Kb2 Nd6 29. Qa4 Kf7 30. Rc1 Nxc5 31. bxc5 Nc8 32. Qb4 Ne7 33. Qa5 Rb8 34. Ka1 Nd5 35. Nc4 Qc6 36. Qa7+ Qc7 37. Qxc7+ Nxc7 38. Nb6 Na6 39. a4 Rb7 40. a5 Ra7 41. Kb2 Nb4 42. Ra1 Nd3+ 43. Kc2 Nxc5 44. Ra3 Ke7 45. Kb2 Kd6 46. Rc1 h5 47. h4 Rb7 48. Kc2 Ra7 49. Kd1 Ra6 50. Rb1 Ra7 51. Rb4 Kc6 52. Na4 Nd7 53. Nb2 Nc5 54. Rb6+ Kd5 55. a6 Bc8 56. Ra5 Bxa6 57. Ke1 d3 58. Na4 Kd4 59. Nxc5 Kd5 1-0

[Event "Asian Games tt"]
[Site "Hangzhou"]
[Date "2023.10.01"]
[Round "3.20"]
[White "Arunnuntapanich, Tinnakrit"]
[Black "Zhakshylykov, Erzhan"]
[Result "0-1"]
[WhiteElo "2098"]
[BlackElo "2205"]
[PlyCount "102"]
[EventDate "2023.09.29"]
[EventType "team-tourn"]
[EventRounds "9"]
[EventCountry "CHN"]
[SourceTitle "EXT 2024"]
[Source "ChessBase"]
[SourceDate "2023.10.10"]
[SourceVersion "1"]
[SourceVersionDate "2023.10.10"]
[SourceQuality "1"]
[WhiteTeam "Thailand"]
[BlackTeam "Kyrgyzstan"]
[WhiteTeamCountry "THA"]
[BlackTeamCountry "KGZ"]

1. d4 e6 2. c4 b6 3. Nf3 Bb7 4. g3 Bb4+ 5. Bd2 Bxf3 6. exf3 Bxd2+ 7. Qxd2 d5 8. Bg2 Ne7 9. 0-0 0-0 10. Na3 Nd7 11. cxd5 exd5 12. Rac1 Nf6 13. Rfe1 c6 14. Qb4 Re8 15. Bh3 a5 16. Qd2 Qd6 17. Rc3 Rad8 18. Rec1 h6 19. Rb3 Rb8 20. Rbc3 Nh7 21. Nc2 Ng5 22. Bg2 Ne6 23. Bh3 c5 24. Bxe6 fxe6 25. f4 c4 26. Ne3 b5 27. Ng4 b4 28. Re3 Nf5 29. Ree1 Qb6 30. Red1 a4 31. Ne5 Qb7 32. Re1 a3 33. b3 cxb3 34. axb3 Rec8 35. g4 Nd6 36. f3 Rxc1 37. Rxc1 Rc8 38. Nd3 Rxc1+ 39. Nxc1 Qb6 40. Kg2 Nc4 41. Qd3 Na5 42. f5 Nc6 43. fxe6 Nxd4 44. e7 Kf7 45. Qe3 Ke8 46. Na2 Qc5 47. Kh3 g5 48. Qd3 Ne6 49. Qg6+ Kxe7 50. Qh7+ Kd6 51. Qxh6 Qf2 0-1

[Event "Asian Games tt"]
[Site "Hangzhou"]
[Date "2023.09.29"]
[Round "1.16"]
[White "Vokhidov, Shamsiddin"]
[Black "Zhakshylykov, Erzhan"]
[Result "1/2-1/2"]
[WhiteElo "2578"]
[BlackElo "2205"]
[PlyCount "156"]
[EventDate "2023.09.29"]
[EventType "team-tourn"]
[EventRounds "9"]
[EventCountry "CHN"]
[SourceTitle "EXT 2024"]
[Source "ChessBase"]
[SourceDate "2023.10.10"]
[SourceVersion "1"]
[SourceVersionDate "2023.10.10"]
[SourceQuality "1"]
[WhiteTeam "Uzbekistan"]
[BlackTeam "Kyrgyzstan"]
[WhiteTeamCountry "UZB"]
[BlackTeamCountry "KGZ"]

1. e4 e5 2. Nf3 Nc6 3. Bb5 a6 4. Ba4 Nf6 5. 0-0 Be7 6. Re1 b5 7. Bb3 d6 8. c3 0-0 9. h3 Nb8 10. d4 Nbd7 11. Nbd2 c5 12. Nf1 Re8 13. Bc2 Bb7 14. Ng3 Bf8 15. d5 c4 16. b3 Qc7 17. Bd2 a5 18. bxc4 Qxc4 19. Qb1 Ba6 20. Bd3 Qc5 21. Qc2 Reb8 22. Rab1 Qc7 23. Bg5 h6 24. Bxf6 Nxf6 25. Rec1 Rb6 26. Qe2 Rab8 27. Nd2 Nd7 28. a4 Qb7 29. axb5 Bxb5 30. Ra1 Bxd3 31. Qxd3 Nc5 32. Qe3 Qa6 33. Ra2 Rb2 34. Rca1 a4 35. Qe2 Qa5 36. Qf3 Rxa2 37. Rxa2 a3 38. Ngf1 Qa4 39. c4 Nb3 40. Qd1 Qb4 41. Nxb3 Qxb3 42. Qxb3 Rxb3 43. Nd2 Rc3 44. f3 Be7 45. Kf2 Bg5 46. Nb1 Rxc4 47. Nxa3 Ra4 48. Ra1 Bd8 49. Nc2 Bb6+ 50. Ke2 Rxa1 51. Nxa1 Kf8 52. Kd3 Ke7 53. Kc4 Kd7 54. Nb3 h5 55. Kb5 Be3 56. Na5 Kc7 57. Nc4 Bf2 58. Ka6 Bc5 59. Ka5 g6 60. g4 hxg4 61. hxg4 Kd7 62. Kb5 Bf2 63. Ka6 Kc7 64. Na3 Bc5 65. Nb5+ Kc8 66. Na7+ Kc7 67. Nc6 Be3 68. Kb5 Kd7 69. Nb4 Kc7 70. Nc2 Bf2 71. Na3 Bc5 72. Nc4 Bd4 73. Na5 Bf2 74. Nc6 Be3 75. Ka6 Bf2 76. Na7 Bc5 77. Nc6 Be3 78. Kb5 Kd7 1/2-1/2

[Event "Issykkul op"]
[Site "Korumdu"]
[Date "2023.07.18"]
[Round "8"]
[White "Koziak, Vitali"]
[Black "Zhakshylykov, Erzhan"]
[Result "1-0"]
[WhiteElo "2364"]
[BlackElo "2209"]
[PlyCount "91"]
[EventDate "2023.07.12"]
[EventType "swiss"]
[EventRounds "10"]
[EventCountry "KGZ"]
[SourceTitle "CBM 215 Extra"]
[Source "ChessBase"]
[SourceDate "2023.09.30"]
[SourceVersion "1"]
[SourceVersionDate "2023.09.30"]
[SourceQuality "1"]

1. e4 e5 2. Bc4 Nf6 3. d3 c6 4. Nf3 d5 5. Bb3 Bb4+ 6. Bd2 Bxd2+ 7. Nbxd2 Nbd7 8. 0-0 0-0 9. Re1 a5 10. exd5 cxd5 11. c4 b5 12. cxd5 a4 13. Bc2 Nxd5 14. Nxe5 Nb4 15. Nxd7 Bxd7 16. d4 Nxc2 17. Qxc2 Rc8 18. Qd3 Qc7 19. Ne4 Qc2 20. Qg3 Kh8 21. Nc5 Bc6 22. Qd3 Qxd3 23. Nxd3 Bd5 24. Nb4 Bc4 25. d5 Rfe8 26. f3 g5 27. Rxe8+ Rxe8 28. Rb1 Re5 29. Rd1 Re7 30. h4 h6 31. d6 Rd7 32. a3 Kg7 33. Na6 Kf6 34. Nc5 Rd8 35. hxg5+ hxg5 36. Kf2 Be6 37. Ke3 Rc8 38. d7 Rd8 39. g4 Ke5 40. Nxe6 Kxe6 41. Ke4 f6 42. Rd5 Rxd7 43. Rxd7 Kxd7 44. Kd5 Ke7 45. Kc5 f5 46. Kxb5 1-0

[Event "KGZ-ch"]
[Site "Bishkek"]
[Date "2023.05.04"]
[Round "7"]
[White "Markov, Mikhail2222"]
[Black "Zhakshylykov, Erzhan"]
[Result "1-0"]
[WhiteElo "2347"]
[BlackElo "2274"]
[PlyCount "91"]
[EventDate "2023.04.28"]
[EventType "tourn"]
[EventRounds "11"]
[EventCountry "KGZ"]
[SourceTitle "CBM 214 Extra"]
[Source "ChessBase"]
[SourceDate "2023.07.31"]
[SourceVersion "1"]
[SourceVersionDate "2023.07.31"]
[SourceQuality "1"]

1. c4 Nf6 2. Nf3 g6 3. g3 Bg7 4. Bg2 0-0 5. 0-0 Nc6 6. d4 d5 7. cxd5 Nxd5 8. e4 Nb6 9. Be3 Bg4 10. e5 f6 11. Nc3 Kh8 12. exf6 exf6 13. Qb3 Na5 14. Qb5 Nac4 15. d5 Nxe3 16. fxe3 c6 17. dxc6 bxc6 18. Qb4 f5 19. Nd4 Qe8 20. Nxc6 Qxe3+ 21. Kh1 Rae8 22. Nxa7 Nd7 23. Nc6 Nf6 24. a4 Nh5 25. a5 Qh6 26. Kg1 Qe3+ 27. Rf2 f4 28. Nd5 fxg3 29. Nxe3 gxf2+ 30. Kf1 Bc8 31. a6 Bxa6+ 32. Rxa6 Rxe3 33. Ra1 Nf4 34. Qd2 Rd3 35. Qc2 Re3 36. Qd2 Rd3 37. Qb4 Re3 38. Be4 Re8 39. Ne7 Bf6 40. Qb6 Re1+ 41. Kxf2 Bh4+ 42. Kf3 Rf8 43. Ra8 Rf1+ 44. Kg4 Bxe7 45. Rxf8+ Bxf8 46. Qd4+ 1-0

[Event "Tashkent Sahibkiran Temur Cup"]
[Site "Tashkent"]
[Date "2023.04.17"]
[Round "6"]
[White "Zhakshylykov, Erzhan"]
[Black "Tsydypov, Zhamsaran"]
[Result "0-1"]
[WhiteElo "2274"]
[BlackElo "2538"]
[PlyCount "96"]
[EventDate "2023.04.14"]
[EventType "swiss"]
[EventRounds "9"]
[EventCountry "UZB"]
[SourceTitle "CBM 213 Extra"]
[Source "ChessBase"]
[SourceDate "2023.05.31"]
[SourceVersion "1"]
[SourceVersionDate "2023.05.31"]
[SourceQuality "1"]

1. d4 Nf6 2. c4 e6 3. Nc3 Bb4 4. Nf3 b6 5. e3 Bb7 6. Bd3 0-0 7. 0-0 d5 8. cxd5 exd5 9. a3 Bd6 10. b4 a6 11. Qb3 Re8 12. Bb2 Nbd7 13. a4 c6 14. b5 axb5 15. axb5 c5 16. Bf5 c4 17. Qc2 Qe7 18. Bh3 Nf8 19. g3 Ne6 20. Bg2 Nc7 21. Nd2 Rab8 22. Ra7 Bb4 23. Rb1 Ba8 24. Qa4 Bxc3 25. Bxc3 Qd7 26. Ba1 Rec8 27. Nf3 Qf5 28. Rf1 Ne4 29. Qb4 Qe6 30. Ne5 Nd6 31. Bh3 Qxh3 32. Qxd6 Nxb5 33. Qe7 Nxa7 34. Qxf7+ Kh8 35. Qxa7 Rb7 36. Qa3 b5 37. Bc3 Rb6 38. Bb4 Qe6 39. Qb2 Bc6 40. Qe2 Be8 41. h4 Ra6 42. g4 Ra4 43. Bd2 c3 44. Bc1 b4 45. Qf3 Bb5 46. Re1 b3 47. e4 b2 48. exd5 Qf6 0-1

[Event "Tashkent Sahibkiran Temur Cup"]
[Site "Tashkent"]
[Date "2023.04.14"]
[Round "1"]
[White "Zhakshylykov, Erzhan"]
[Black "Vokhidov, Shamsiddin"]
[Result "0-1"]
[WhiteElo "2274"]
[BlackElo "2601"]
[PlyCount "78"]
[EventDate "2023.04.14"]
[EventType "swiss"]
[EventRounds "9"]
[EventCountry "UZB"]
[SourceTitle "CBM 213 Extra"]
[Source "ChessBase"]
[SourceDate "2023.05.31"]
[SourceVersion "1"]
[SourceVersionDate "2023.05.31"]
[SourceQuality "1"]

1. d4 Nf6 2. c4 e6 3. Nc3 Bb4 4. Nf3 b6 5. e3 0-0 6. Bd3 c5 7. 0-0 Bb7 8. Bd2 cxd4 9. exd4 d5 10. Bg5 dxc4 11. Bxc4 Nbd7 12. Bd3 Bxc3 13. bxc3 Qc7 14. c4 Ng4 15. d5 exd5 16. cxd5 Qd6 17. Bc4 Nde5 18. Nxe5 Nxe5 19. Bb3 Rfe8 20. Re1 Qg6 21. h4 h6 22. Bc2 Nf3+ 23. Qxf3 Qxc2 24. Be7 Rac8 25. Qh5 Qa4 26. d6 Rc5 27. Qd1 Qd7 28. f3 Bd5 29. Qd2 Be6 30. Rac1 Rec8 31. a3 Bc4 32. Rc3 b5 33. Rce3 Be6 34. Re5 Rc2 35. Qa5 Bc4 36. Qb4 a6 37. Qb1 Qa7+ 38. R5e3 Be2 39. Kf2 R8c3 0-1

[Event "Cheliabinsk Lozovatsky Memorial-A"]
[Site "Cheliabinsk"]
[Date "2023.02.05"]
[Round "10"]
[White "Moskalenko, Alexander"]
[Black "Zhakshylykov, Erzhan"]
[Result "0-1"]
[WhiteElo "2482"]
[BlackElo "2279"]
[PlyCount "56"]
[EventDate "2023.01.27"]
[EventType "swiss"]
[EventRounds "10"]
[EventCountry "RUS"]
[SourceTitle "CBM 212 Extra"]
[Source "ChessBase"]
[SourceDate "2023.03.31"]
[SourceVersion "1"]
[SourceVersionDate "2023.03.31"]
[SourceQuality "1"]

1. Nf3 c5 2. e4 Nc6 3. d4 cxd4 4. Nxd4 Nf6 5. Nc3 d6 6. Bg5 Bd7 7. Qd2 Rc8 8. 0-0-0 Nxd4 9. Qxd4 Qa5 10. f4 h6 11. Bxf6 gxf6 12. Kb1 Qc5 13. Qd2 Bg7 14. f5 Bc6 15. Nd5 Bxd5 16. exd5 h5 17. h4 Bh6 18. Qe2 Bf4 19. Rh3 Be5 20. Rb3 Rb8 21. Qe4 Kf8 22. Be2 b5 23. a4 a6 24. Rb4 Kg7 25. axb5 axb5 26. c3 Ra8 27. Bxb5 Rhb8 28. Rc1 Rxb5 0-1

[Event "Cheliabinsk Lozovatsky Memorial-A"]
[Site "Cheliabinsk"]
[Date "2023.01.28"]
[Round "2"]
[White "Khegay, Dmitriy"]
[Black "Zhakshylykov, Erzhan"]
[Result "1/2-1/2"]
[WhiteElo "2532"]
[BlackElo "2279"]
[PlyCount "106"]
[EventDate "2023.01.27"]
[EventType "swiss"]
[EventRounds "10"]
[EventCountry "RUS"]
[SourceTitle "CBM 212 Extra"]
[Source "ChessBase"]
[SourceDate "2023.03.31"]
[SourceVersion "1"]
[SourceVersionDate "2023.03.31"]
[SourceQuality "1"]

1. d4 Nf6 2. c4 e6 3. Nf3 d5 4. Nc3 Be7 5. Bg5 Nbd7 6. e3 c6 7. Qc2 0-0 8. a3 a6 9. Rd1 b5 10. c5 Ng4 11. Bf4 g5 12. Bg3 Nh6 13. h4 g4 14. Bf4 Nf5 15. Nh2 h5 16. g3 Ng7 17. e4 f5 18. exd5 exd5 19. Bg2 Nf6 20. 0-0 Ne4 21. f3 gxf3 22. Nxf3 Be6 23. Ne5 Qe8 24. Na2 a5 25. Nc1 Bf6 26. Ncd3 Ra7 27. Kh2 Bc8 28. Bh6 Kh7 29. Qc1 Rg8 30. Bh3 Re7 31. Bf4 Kh8 32. Bg5 Bxg5 33. hxg5 Ne6 34. g6 Rxg6 35. Rxf5 Rg5 36. Rdf1 Reg7 37. Nf7+ Rxf7 38. Rxf7 Nxg3 39. Bxe6 Qxe6 40. Rf8+ Kh7 41. R1f7+ Rg7 42. Nf4 Qg4 43. Rxg7+ Kxg7 44. Rxc8 Qxc8 45. Kxg3 Qg4+ 46. Kf2 Qh4+ 47. Ke2 Qg4+ 48. Kd3 Kf6 49. Qe3 Qf5+ 50. Kc3 h4 51. Qf2 Kg5 52. Nd3 Qxf2 53. Nxf2 Kf4 1/2-1/2

[Event "SCO National Online"]
[Site "Chess.com INT"]
[Date "2022.11.19"]
[Round "6"]
[White "Jaiswal, Rupesh"]
[Black "Zhakshylykov, Erzhan"]
[Result "1-0"]
[WhiteElo "2108"]
[BlackElo "2279"]
[PlyCount "77"]
[EventDate "2022.11.19"]
[EventType "team-swiss (rapid)"]
[EventRounds "9"]
[EventCountry "USA"]
[SourceTitle "CBM 211 Extra"]
[Source "ChessBase"]
[SourceDate "2023.01.31"]
[SourceVersion "1"]
[SourceVersionDate "2023.01.31"]
[SourceQuality "1"]
[WhiteTeam "Nepal"]
[BlackTeam "Kyrgyzstan"]
[WhiteTeamCountry "NEP"]
[BlackTeamCountry "KGZ"]

1. e4 e5 2. Nf3 Nc6 3. d4 exd4 4. Nxd4 Bc5 5. Nb3 Bb6 6. Nc3 a5 7. a4 Qf6 8. Qe2 Nb4 9. h4 h6 10. g4 d6 11. g5 Qe7 12. Bf4 Be6 13. 0-0-0 0-0-0 14. Bh3 Bxh3 15. Rxh3 Qe6 16. Rhh1 Ne7 17. Be3 Bxe3+ 18. Qxe3 Nec6 19. f4 Nxc2 20. Kxc2 Nb4+ 21. Kb1 Qxb3 22. Qe2 Qe6 23. Qg2 Rhe8 24. Rhg1 h5 25. Qf3 g6 26. f5 Qb3 27. Rd2 Re5 28. fxg6 fxg6 29. Qd1 Qe6 30. Re2 Rc5 31. Rf1 Qg4 32. Ref2 Qxh4 33. Rf8 Qxg5 34. Rxd8+ Qxd8 35. Qd4 Kb8 36. Nb5 Nc6 37. Qg7 Qc8 38. Rf8 Nd8 39. Qg8 1-0

[Event "SCO National Online"]
[Site "Chess.com INT"]
[Date "2022.11.19"]
[Round "3"]
[White "Zhakshylykov, Erzhan"]
[Black "Kobalia, Mihail"]
[Result "0-1"]
[WhiteElo "2279"]
[BlackElo "2577"]
[PlyCount "74"]
[EventDate "2022.11.19"]
[EventType "team-swiss (rapid)"]
[EventRounds "9"]
[EventCountry "USA"]
[SourceTitle "CBM 211 Extra"]
[Source "ChessBase"]
[SourceDate "2023.01.31"]
[SourceVersion "1"]
[SourceVersionDate "2023.01.31"]
[SourceQuality "1"]
[WhiteTeam "Kyrgyzstan"]
[BlackTeam "Russia"]
[WhiteTeamCountry "KGZ"]
[BlackTeamCountry "RUS"]

1. d4 d5 2. c4 c6 3. Nc3 Nf6 4. cxd5 cxd5 5. Nf3 Nc6 6. Bf4 e6 7. e3 Bd6 8. Bxd6 Qxd6 9. Be2 0-0 10. 0-0 Bd7 11. Rc1 Rac8 12. a3 Rfd8 13. b4 Be8 14. Qb3 Nd7 15. Na4 b6 16. Nc3 Ndb8 17. Rc2 f6 18. Bd3 Bg6 19. Bxg6 hxg6 20. Rfc1 Ne7 21. Nd2 Qd7 22. h3 Nf5 23. Ne2 Nd6 24. h4 Nc6 25. Nf4 Ne7 26. Qd3 Kf7 27. g3 Rxc2 28. Rxc2 Rc8 29. Kg2 Rxc2 30. Qxc2 Qc8 31. Qa4 a6 32. g4 e5 33. dxe5 Qxg4+ 34. Kf1 fxe5 35. Nd3 Nc4 36. Qc2 Kf6 37. Qc3 Qd1+ 0-1

[Event "SCO National Online"]
[Site "Chess.com INT"]
[Date "2022.11.19"]
[Round "7"]
[White "Zhakshylykov, Erzhan"]
[Black "Ma, Zhonghan"]
[Result "0-1"]
[WhiteElo "2279"]
[BlackElo "2484"]
[PlyCount "88"]
[EventDate "2022.11.19"]
[EventType "team-swiss (rapid)"]
[EventRounds "9"]
[EventCountry "USA"]
[SourceTitle "CBM 211 Extra"]
[Source "ChessBase"]
[SourceDate "2023.01.31"]
[SourceVersion "1"]
[SourceVersionDate "2023.01.31"]
[SourceQuality "1"]
[WhiteTeam "Kyrgyzstan"]
[BlackTeam "China Qingdao"]
[WhiteTeamCountry "KGZ"]
[BlackTeamCountry "CHN"]

1. d4 d6 2. Nf3 Bg4 3. Nbd2 Nf6 4. b3 e5 5. dxe5 dxe5 6. Bb2 e4 7. Ne5 e3 8. fxe3 Nbd7 9. Ndc4 Bb4+ 10. c3 Bc5 11. Qd3 0-0 12. b4 Nxe5 13. Nxe5 Bd6 14. Nc4 Qe7 15. Nxd6 cxd6 16. g3 Bd7 17. Bg2 Ng4 18. 0-0 Nxe3 19. Rf2 Nxg2 20. Rxg2 a5 21. Rf2 Bc6 22. b5 Be4 23. Qd4 f6 24. c4 Rfe8 25. Rd1 Rac8 26. Ba3 Qe6 27. Qxd6 Qxc4 28. Qf4 Qxa2 29. Bd6 Qe6 30. Bc7 a4 31. b6 a3 32. Qd2 a2 33. e3 Ra8 34. Ra1 Bb1 35. Rf1 Qb3 36. Qd4 Ra4 37. Qd7 Qxe3+ 38. Kg2 Rd4 39. Qb5 Rd2+ 40. Kh3 Qe6+ 41. g4 Bd3 42. Qb4 Bxf1+ 43. Rxf1 Re2 44. Bg3 Re4 0-1

[Event "SCO National Online"]
[Site "Chess.com INT"]
[Date "2022.11.19"]
[Round "5"]
[White "Zhakshylykov, Erzhan"]
[Black "Sai, Han Thiha"]
[Result "1/2-1/2"]
[WhiteElo "2279"]
[BlackElo "2124"]
[PlyCount "137"]
[EventDate "2022.11.19"]
[EventType "team-swiss (rapid)"]
[EventRounds "9"]
[EventCountry "USA"]
[SourceTitle "CBM 211 Extra"]
[Source "ChessBase"]
[SourceDate "2023.01.31"]
[SourceVersion "1"]
[SourceVersionDate "2023.01.31"]
[SourceQuality "1"]
[WhiteTeam "Kyrgyzstan"]
[BlackTeam "Myanmar"]
[WhiteTeamCountry "KGZ"]
[BlackTeamCountry "MYA"]

1. d4 Nf6 2. c4 e6 3. Nc3 Bb4 4. Qc2 0-0 5. a3 Bxc3+ 6. Qxc3 b6 7. Bg5 h6 8. Bh4 Bb7 9. e3 d6 10. Ne2 Nbd7 11. Qc2 e5 12. Rd1 Qe8 13. Nc3 exd4 14. Rxd4 Qe5 15. Qd1 Nc5 16. Nd5 Nxd5 17. cxd5 f5 18. Bg3 Qe7 19. Be2 a5 20. 0-0 a4 21. Re1 Ba6 22. Bxa6 Rxa6 23. f3 Raa8 24. Bf2 Qd7 25. Re2 Qb5 26. Rb4 Qa6 27. Rd2 Rae8 28. Qc2 Rf7 29. Rf4 Re5 30. h4 Qa8 31. e4 fxe4 32. Rxf7 Kxf7 33. Bxc5 bxc5 34. fxe4 Kg8 35. Re2 Qe8 36. Qd3 Qe7 37. g3 Qd7 38. Qf3 Qe8 39. Kg2 Re7 40. Qf5 Rf7 41. Qg4 Qe5 42. h5 Qf6 43. Kh2 Qd4 44. Rg2 Qf6 45. Qc8+ Kh7 46. Qg4 Qg5 47. Qxg5 hxg5 48. Kh3 Rf3 49. Re2 Kh6 50. Kg4 Rb3 51. e5 dxe5 52. Rxe5 Rxb2 53. Re6+ Kh7 54. Rc6 Rb3 55. Rxc7 Rxa3 56. Rxc5 Rd3 57. Ra5 a3 58. d6 Rxd6 59. Rxa3 Kh6 60. Ra4 Re6 61. Rd4 Ra6 62. Re4 Rd6 63. Re8 g6 64. hxg6 Kxg6 65. Rg8+ Kh6 66. Rh8+ Kg6 67. Rg8+ Kh6 68. Rh8+ Kg6 69. Rg8+ 1/2-1/2

[Event "World ol U16"]
[Site "Nakhchivan"]
[Date "2022.10.03"]
[Round "2.4"]
[White "Zhakshylykov, Erzhan"]
[Black "Talibov, Shiroghlan"]
[Result "1/2-1/2"]
[WhiteElo "2293"]
[BlackElo "2299"]
[PlyCount "87"]
[EventDate "2022.10.02"]
[EventType "team-swiss"]
[EventRounds "9"]
[EventCountry "AZE"]
[SourceTitle "CBM 210 Extra"]
[Source "ChessBase"]
[SourceDate "2022.11.30"]
[SourceVersion "1"]
[SourceVersionDate "2022.11.30"]
[SourceQuality "1"]
[WhiteTeam "Kyrgyzstan"]
[BlackTeam "Azerbaijan"]
[WhiteTeamCountry "KGZ"]
[BlackTeamCountry "AZE"]

1. d4 Nf6 2. c4 e6 3. Nc3 Bb4 4. Qc2 0-0 5. a3 Bxc3+ 6. Qxc3 b6 7. Bg5 Bb7 8. e3 d6 9. Ne2 h6 10. Bh4 Nbd7 11. Qc2 c5 12. Rd1 Qc7 13. Nc3 a6 14. dxc5 Qxc5 15. Qd2 d5 16. cxd5 Nxd5 17. Nxd5 Qxd5 18. Qxd5 exd5 19. Be7 Rfe8 20. Bb4 f5 21. Bd3 f4 22. Bg6 Re5 23. 0-0 Rg5 24. Bc2 fxe3 25. fxe3 Re8 26. e4 Nf6 27. Bd2 Rg4 28. h3 Rh4 29. exd5 Bxd5 30. Rde1 Rxe1 31. Rxe1 Rc4 32. Bc3 Rc7 33. Rd1 Be4 34. Bb3+ Kh7 35. Rd6 Rc6 36. Rxc6 Bxc6 37. Bd4 b5 38. Be6 Bb7 39. g4 Kg6 40. Kf2 Ne4+ 41. Ke3 Ng5 42. Bf5+ Kf7 43. h4 Nf3 44. Bc8 1/2-1/2

[Event "World ol U16"]
[Site "Nakhchivan"]
[Date "2022.10.02"]
[Round "1.12"]
[White "Zhakshylykov, Erzhan"]
[Black "Li, Yiheng"]
[Result "1-0"]
[WhiteElo "2293"]
[BlackElo "1766"]
[PlyCount "79"]
[EventDate "2022.10.02"]
[EventType "team-swiss"]
[EventRounds "9"]
[EventCountry "AZE"]
[SourceTitle "CBM 210 Extra"]
[Source "ChessBase"]
[SourceDate "2022.11.30"]
[SourceVersion "1"]
[SourceVersionDate "2022.11.30"]
[SourceQuality "1"]
[WhiteTeam "Kyrgyzstan"]
[BlackTeam "Hong Kong"]
[WhiteTeamCountry "KGZ"]
[BlackTeamCountry "HKG"]

1. d4 Nf6 2. c4 g6 3. Nf3 Bg7 4. g3 0-0 5. Bg2 d6 6. 0-0 Nc6 7. Nc3 a6 8. d5 Na5 9. b3 Ne4 10. Nxe4 Bxa1 11. Bd2 Nxc4 12. Qxa1 Nxd2 13. Nexd2 Bd7 14. Nd4 a5 15. a4 Rc8 16. Rc1 f6 17. h4 Qe8 18. Nc4 b6 19. Qc3 Rf7 20. Na3 Rg7 21. Nab5 Bxb5 22. axb5 Qd7 23. Ne6 Rf7 24. Qc6 Qxc6 25. Rxc6 f5 26. Nxc7 Rb8 27. Ne6 Rf6 28. Rc7 Rf7 29. e4 fxe4 30. Bxe4 Kh8 31. Kg2 Kg8 32. f4 Kh8 33. g4 Kg8 34. Kg3 Kh8 35. g5 Kg8 36. Bf3 Kh8 37. h5 Kg8 38. hxg6 hxg6 39. Be4 Kh7 40. Rc1 1-0

[Event "Olympiad-44"]
[Site "Chennai"]
[Date "2022.08.06"]
[Round "8.3"]
[White "Zhakshylykov, Erzhan"]
[Black "Koniahli, Malek"]
[Result "0-1"]
[WhiteElo "2332"]
[BlackElo "2238"]
[PlyCount "96"]
[EventDate "2022.07.29"]
[EventType "team-swiss"]
[EventRounds "11"]
[EventCountry "IND"]
[SourceTitle "CBM 210"]
[Source "ChessBase"]
[SourceDate "2022.10.31"]
[SourceVersion "1"]
[SourceVersionDate "2022.10.31"]
[SourceQuality "1"]
[WhiteTeam "Kyrgyzstan"]
[BlackTeam "Syria"]
[WhiteTeamCountry "KGZ"]
[BlackTeamCountry "SYR"]

1. d4 d5 2. c4 c6 3. Nc3 Nf6 4. cxd5 cxd5 5. Nf3 Nc6 6. Bf4 a6 7. Rc1 Bf5 8. e3 e6 9. Qb3 Ra7 10. Ne5 Nxe5 11. Bxe5 Nd7 12. Bg3 Be7 13. Be2 0-0 14. 0-0 Nf6 15. Bh4 b5 16. Bxf6 Bxf6 17. a4 bxa4 18. Nxa4 e5 19. dxe5 Bxe5 20. Rfd1 Be6 21. Nc5 Qf6 22. Qb6 Raa8 23. b3 d4 24. e4 Rad8 25. Nd3 Rb8 26. Qxa6 Rxb3 27. g3 Bb8 28. Qa5 Qg6 29. e5 Qe4 30. Qd2 Ra3 31. Re1 Ra2 32. Qf4 Qa8 33. Bf3 Qa3 34. Qe4 g6 35. g4 Rd8 36. Nf4 d3 37. Nxe6 d2 38. Nxd8 dxc1Q 39. Rxc1 Qxc1+ 40. Kg2 Qc5 41. Qf4 Qxf2+ 42. Kh3 Ra7 43. Nc6 Ra3 44. Ne7+ Kf8 45. Nxg6+ hxg6 46. Qb4+ Kg7 47. Qxa3 Bxe5 48. Bg2 Qf4 0-1

[Event "Olympiad-44"]
[Site "Chennai"]
[Date "2022.07.31"]
[Round "3.3"]
[White "Zhakshylykov, Erzhan"]
[Black "Sanches, Casanova Romario"]
[Result "1-0"]
[WhiteElo "2332"]
[BlackElo "2066"]
[PlyCount "67"]
[EventDate "2022.07.29"]
[EventType "team-swiss"]
[EventRounds "11"]
[EventCountry "IND"]
[SourceTitle "CBM 210"]
[Source "ChessBase"]
[SourceDate "2022.10.31"]
[SourceVersion "1"]
[SourceVersionDate "2022.10.31"]
[SourceQuality "1"]
[WhiteTeam "Kyrgyzstan"]
[BlackTeam "Surinam"]
[WhiteTeamCountry "KGZ"]
[BlackTeamCountry "SUR"]

1. e4 c6 2. d4 d5 3. e5 Bf5 4. Nd2 e6 5. Nb3 Nd7 6. Nf3 h5 7. Be2 h4 8. h3 Be7 9. Bd2 Be4 10. 0-0 Bxf3 11. Bxf3 Nh6 12. Be2 Nf5 13. Bd3 g6 14. Qg4 Rh5 15. c4 Bg5 16. f4 Be7 17. cxd5 cxd5 18. Rfc1 a5 19. Bb5 a4 20. Nc5 Bxc5 21. dxc5 Kf8 22. Kh2 Kg7 23. Qd1 a3 24. b4 Nb8 25. Be2 Rh8 26. b5 Ng3 27. Rab1 Nxe2 28. Qxe2 Qd7 29. Rb4 Rc8 30. f5 exf5 31. Bg5 Rh8 32. Bf6+ Kg8 33. Bxh8 Kxh8 34. Rxh4+ 1-0